000 00726nam a2200265Ia 4500
003 OSt
005 20221007081815.0
006 a|||||r|||| 00| 0
007 ta
008 221006b |||||||| |||| 00| 0 eng d
020 _a9781634596220
024 _a45,627
037 _cTextual
040 _aFLL
_cFLL
_beng
041 _2eng
_aeng
082 _aZ73,166, Q7
100 _aEPSTEIN David G.
_9238069
245 0 _aPrinciples of bankruptcy law
250 _a2nd
260 _aPaul
_bWest Academic Publishing USA
_c2017
300 _axxiii,325p.
_ccm.
700 _a NICKLES Steve H.
_9698089
942 _hZ73,166, Q7
_cTEXL
_2CC
999 _c1164331
_d1164331